H - POINT : The Fundamentals of Car Design and Packaging

Na minha lista:
Detalhes bibliográficos
Autor principal: Macey, Stuart (Author)
Formato: Livro
Idioma:inglês
Publicado em: Design Studio Press, 2009
Edição:1. vyd.
Assuntos:
Tags: Adicionar Tag
Sem tags, seja o primeiro a adicionar uma tag!

MARC

LEADER 00000nam a22000003a 4500
001 stu261577
005 20150617230226.8
008 130123s2009------------------------eng-d
020 |a 978-1-933492-37-7 
040 |a STU  |b slo 
041 0 |a eng 
100 1 |a Macey, Stuart  |4 aut 
245 1 |a H - POINT :  |b The Fundamentals of Car Design and Packaging 
250 |a 1. vyd. 
260 |b Design Studio Press,  |c 2009 
300 |a 223 s 
650 7 |a dizajn automobilu  |2 stusub 
996 |b 284J040896  |c J*115668  |l JJ0030  |s P  |a 0  |w stu261577_0001